Personnages de My Little Pony par image - Moyen - Statistiques

Statistiques générales
  • Ce quiz a été pris 36 fois
  • Le résultat moyen est 8 sur 15
Statistiques - réponses
Par images Réponse % Correct
Thorax
79%
Yona
75%
Ember
68%
Gilda
64%
Babs Seed
61%
Ocellus
54%
Gallus
50%
Sandbar
50%
Queen Novo
46%
Silverstream
43%
Smolder
43%
Cranky Doodle Donkey
39%
Matilda
36%
Garble
32%
Braeburn
29%
Aucun quiz correspondant
Distribution des résultats
% des personnes avec chaque résultat
Percentile par nombre de réponses
Votre historique - résultats
Vous n’avez pas pris ce quiz